ბათუმის შოთა რუსთაველის სახელმწიფო უნივერსიტეტის ბიბლიოთეკა

Математический анализ. Теория аналитических функций. (ბიბ.ჩანაწერი № 47987)

000 -LEADER
fixed length control field 00809nam a2200217Ia 4500
001 - CONTROL NUMBER
control field 14865
003 - CONTROL NUMBER IDENTIFIER
control field GE_BSU
008 - FIXED-LENGTH DATA ELEMENTS--GENERAL INFORMATION
fixed length control field 181216s||||||||xx |||||||||||||| ||und||
040 ## - CATALOGING SOURCE
Transcribing agency GE_BSU
080 ## - UNIVERSAL DECIMAL CLASSIFICATION NUMBER
Universal Decimal Classification number 517.955(075.8)
100 ## - MAIN ENTRY--PERSONAL NAME
Personal name Балк,М. Б., Виленкин Н.Я., Петров,В.А.
245 ## - TITLE STATEMENT
Title Математический анализ. Теория аналитических функций.
245 ## - TITLE STATEMENT
Remainder of title Учебное пособие для студ. -заочн. IV-V курсов физ.-мат.фак. пед. инст-ов.
260 ## - PUBLICATION, DISTRIBUTION, ETC.
Place of publication, distribution, etc. Москва
260 ## - PUBLICATION, DISTRIBUTION, ETC.
Name of publisher, distributor, etc. Просвещение.
260 ## - PUBLICATION, DISTRIBUTION, ETC.
Date of publication, distribution, etc. 1985
300 ## - PHYSICAL DESCRIPTION
Extent 158 стр. 22см.
653 ## - INDEX TERM--UNCONTROLLED
Uncontrolled term Математический анализ.
653 ## - INDEX TERM--UNCONTROLLED
Uncontrolled term Теория аналитических функций.
942 ## - ADDED ENTRY ELEMENTS (KOHA)
Koha item type წიგნი
ეგზემპლარები
Withdrawn status Lost status Damaged status Not for loan Date acquired Barcode Date last seen Price effective from Koha item type
        2018-12-17 15402 2018-12-17 2018-12-17 წიგნი
        2018-12-17 16832 2018-12-17 2018-12-17 წიგნი
        2018-12-17 17077 2018-12-17 2018-12-17 წიგნი